000 00405nam a22001577a 4500
003 SISC
005 20160217135619.0
008 140224t xxu||||| |||| 00| 0 eng d
050 _aQD 101.2
_b.D37 1980
100 _aDay, R.A
_930591
245 _aQuantitative analysis
_cR.A Day.
260 _aNew Jersey :
_bPrentice-Hall inc.,
_c1980.
300 _a660 p. :
_c20 cm.
942 _2lcc
_cBK
999 _c42331
_d42331